000 00592nam a2200217Ia 4500
005 20250425162326.0
008 250425s9999 xx 000 0 und d
020 _a159139273X
041 _aeng
082 _a174.4
245 0 _aHARVARD BUSINESS REVIEW ON CORPORATE ETHICS
250 _aS.E.
260 _aBOSTON
_bHARVARD BUSINESS SCHOOL PRESS
260 _aEstados Unidos
_bHARVARD BUSINESS SCHOOL PRESS
_c2003
300 _a194
500 _aTHE HARVARD BUSINESS REVIEW PAPERBACK SERIES
650 _aETICA EMPRESARIAL
650 _aNEGOCIOS
942 _c01
010 _a62355
999 _c226923
_d226923